LEADER 02021nam 2200577 450 001 9910454043603321 005 20200520144314.0 010 $a1-4698-7832-1 035 $a(CKB)1000000000753757 035 $a(EBL)3418622 035 $a(SSID)ssj0000353589 035 $a(PQKBManifestationID)11258793 035 $a(PQKBTitleCode)TC0000353589 035 $a(PQKBWorkID)10305754 035 $a(PQKB)11347326 035 $a(MiAaPQ)EBC2032327 035 $a(Au-PeEL)EBL2032327 035 $a(CaPaEBR)ebr10838647 035 $a(OCoLC)908075881 035 $a(EXLCZ)991000000000753757 100 $a20061012h20072007 uy| 0 101 0 $aeng 135 $aurn|||||||||| 181 $ctxt 182 $cc 183 $acr 200 10$aPractical orthopaedic sports medicine and arthroscopy /$fDonald H. Johnson, Robert A Pedowitz 210 1$aPhiladelphia :$cLippincott Williams & Wilkins,$d[2007] 210 4$d©2007 215 $a1 online resource (1088 p.) 300 $aDescription based upon print version of record. 311 $a0-7817-5812-2 320 $aIncludes bibliographical references and index. 327 $asection 1. Basic science -- section 2. Spine -- section 3. Thoracic area -- section 4. Head injuries -- section 5. Shoulder -- section 6. Upper extremity -- section 7. Hip and thigh -- section 8. Knee -- section 9. Leg, ankle, and foot -- section 10. General topics -- section 11. Appendices. 606 $aSports injuries$xSurgery 606 $aArthroscopy 606 $aSports medicine 608 $aElectronic books. 615 0$aSports injuries$xSurgery. 615 0$aArthroscopy. 615 0$aSports medicine. 676 $a617.1/027 700 $aJohnson$b Donald$g(Donald Hugh)$0254096 701 $aPedowitz$b Robert A$0919045 801 0$bMiAaPQ 801 1$bMiAaPQ 801 2$bMiAaPQ 906 $aBOOK 912 $a9910454043603321 996 $aPractical orthopaedic sports medicine and arthroscopy$92061280 997 $aUNINA LEADER 01707nam 2200397 450 001 9910704709303321 005 20130821153403.0 035 $a(CKB)5470000002444636 035 $a(OCoLC)856540714 035 $a(EXLCZ)995470000002444636 100 $a20130821d2012 ua 0 101 0 $aeng 135 $aur||||||||||| 181 $ctxt$2rdacontent 182 $cc$2rdamedia 183 $acr$2rdacarrier 200 10$aAviation $etransport services : agreements amending the agreement of September 17, 1980 between the United States of America and China, as amended, effected by exchange of notes at Beijing, February 16 and March 27, 1996 and protocol signed at Washington, April 8, 1999, and protocol signed at Beijing, July 24, 2004, and protocol signed at Seattle, July 9, 2007 210 1$a[Washington, D.C.] :$cUnited States Department of State,$d[2012?] 215 $a1 online resource (82 unnumbered pages) 225 1 $aTreaties and other international acts series ;$v96-327 300 $aTitle from title screen (viewed on August 21, 2013). 517 $aAviation 606 $aAeronautics, Commercial$xLaw and legislation$zUnited States 606 $aAeronautics, Commercial$xLaw and legislation$zChina 606 $aAeronautics, Commercial$xInternational cooperation 615 0$aAeronautics, Commercial$xLaw and legislation 615 0$aAeronautics, Commercial$xLaw and legislation 615 0$aAeronautics, Commercial$xInternational cooperation. 712 02$aUnited States, 712 02$aUnited States.$bDepartment of State, 801 0$bGPO 801 1$bGPO 906 $aBOOK 912 $a9910704709303321 996 $aAviation$9799860 997 $aUNINA LEADER 01064nam2 22002651i 450 001 UON00186291 005 20231205103154.929 010 $a88-13-16651-6 100 $a20030730d1990 |0itac50 ba 101 $aita 102 $aIT 105 $a|||| ||||| 200 1 $aˆI ‰ Principi generali$fFrancesco Galgano$gFranco Bricola$gLuigi Conti$bet alii] 461 1$1001UON00177505$12001 $aTrattato di diritto penale dell'impresa$fdiretta da Astolfo Di Amato$1210 $aPadova $cCedam$d1990-1993$1215 $a4 v.$d25 cm$v1 620 $aIT$dPadova$3UONL000153 702 1$aBRICOLA$bFranco$3UONV108315 702 1$aCONTI$bLuigi$3UONV101352 702 1$aGalgano$bFrancesco$3UONV099601 712 $aCedam$3UONV247039$4650 801 $aIT$bSOL$c20250214$gRICA 899 $aSIBA - SISTEMA BIBLIOTECARIO DI ATENEO$2UONSI 912 $aUON00186291 950 $aSIBA - SISTEMA BIBLIOTECARIO DI ATENEO$dSI PUB G 0601 $eSI SC 26364 5 0601 996 $aGeneral principles$9993428 997 $aUNIOR